[Event "Wch FIDE Online U14 Europe qual"]
[Site "Tornelo INT"]
[Date "2020.12.08"]
[Round "3"]
[White "Gudmundsson, Gunnar Erik"]
[Black "Pakkoutis, Andreas"]
[Result "1-0"]
[WhiteElo "1478"]
[BlackElo "1275"]
[PlyCount "111"]
[EventDate "2020.12.07"]
[EventType "swiss (rapid)"]
[EventRounds "7"]
[EventCountry "ISS"]
[SourceTitle "EXT 2022"]
[Source "ChessBase"]
[SourceDate "2021.10.06"]
[SourceVersion "1"]
[SourceVersionDate "2021.10.06"]
[SourceQuality "1"]

1. d4 d5 2. c4 c6 3. Nc3 Nf6 4. Nf3 Bg4 5. Ne5 Bf5 6. e3 e6 7. Be2 Be7 8. 0-0 0-0 9. f4 Nbd7 10. g4 Be4 11. Qe1 h6 12. Qg3 Nh7 13. Nxe4 dxe4 14. Bd1 Rc8 15. Bc2 f5 16. Ng6 Rf6 17. gxf5 exf5 18. Ne5 Qe8 19. Nxd7 Rg6 20. Qxg6 Qxg6+ 21. Kh1 Bd6 22. c5 Bc7 23. Bb3+ Kh8 24. Bd2 Nf6 25. Nxf6 Qxf6 26. Bc3 Qf8 27. Rg1 Bd8 28. Rg3 Bf6 29. Rag1 Rc7 30. Rg6 a6 31. Kg2 Kh7 32. Kf1 Qe8 33. R6g3 Qf8 34. Ba5 Qe8 35. Bxc7 Qe7 36. Bd6 Qd7 37. Be5 Bxe5 38. fxe5 Kh8 39. Rxg7 Qxg7 40. Rxg7 Kxg7 41. Be6 Kf8 42. Bxf5 Ke7 43. Bxe4 Ke6 44. Ke2 Ke7 45. Kf3 Ke6 46. Kf4 Ke7 47. Bf5 Kd8 48. e4 Ke7 49. d5 cxd5 50. exd5 Kd8 51. d6 Ke8 52. e6 Kd8 53. Ke5 h5 54. e7+ Ke8 55. Bg6+ Kd7 56. e8Q# 1-0

[Event "Wch FIDE Online U14 Europe qual"]
[Site "Tornelo INT"]
[Date "2020.12.08"]
[Round "5"]
[White "Singh, Yuvraj"]
[Black "Pakkoutis, Andreas"]
[Result "1-0"]
[WhiteElo "1304"]
[BlackElo "1275"]
[PlyCount "111"]
[EventDate "2020.12.07"]
[EventType "swiss (rapid)"]
[EventRounds "7"]
[EventCountry "ISS"]
[SourceTitle "EXT 2022"]
[Source "ChessBase"]
[SourceDate "2021.10.06"]
[SourceVersion "1"]
[SourceVersionDate "2021.10.06"]
[SourceQuality "1"]

1. d4 d5 2. c4 e6 3. Nf3 Nf6 4. Nc3 Bb4 5. Bg5 0-0 6. Qc2 h6 7. Bh4 c5 8. e3 Nc6 9. a3 Bxc3+ 10. Qxc3 cxd4 11. exd4 Bd7 12. Be2 Rc8 13. c5 b6 14. b4 Qe7 15. 0-0 Rfe8 16. Rfe1 Nb8 17. Qd2 bxc5 18. dxc5 Nc6 19. Nd4 Ne4 20. Bxe7 Nxd2 21. Nxc6 Bxc6 22. Bd6 Ne4 23. Be5 f6 24. Bb2 Ra8 25. Bg4 a5 26. f3 Ng5 27. h4 f5 28. hxg5 fxg4 29. gxh6 gxh6 30. fxg4 axb4 31. axb4 Reb8 32. Rxa8 Rxa8 33. Rxe6 Bd7 34. Rxh6 Bxg4 35. Rg6+ Kf7 36. Rxg4 Rb8 37. Bc3 Ke6 38. Kf2 Kf5 39. Rd4 Ke5 40. g4 Rb7 41. Kf3 Rf7+ 42. Rf4+ Ke6 43. Rxf7 Kxf7 44. b5 Ke7 45. b6 Kd7 46. Bd4 Kc8 47. g5 Kb7 48. g6 Kc6 49. g7 Kd7 50. b7 Kc7 51. g8Q Kc6 52. Qg6+ Kd7 53. b8Q Ke7 54. Qb7+ Kf8 55. Qf6+ Ke8 56. Qbe7# 1-0

[Event "Lympia Cyprus-ch op"]
[Site "Lympia"]
[Date "2020.01.25"]
[Round "6"]
[White "Pakkoutis, Andreas"]
[Black "Lavrishchev, Matvei"]
[Result "1/2-1/2"]
[WhiteElo "1263"]
[BlackElo "1160"]
[PlyCount "53"]
[EventDate "2020.01.05"]
[EventType "swiss"]
[EventRounds "9"]
[EventCountry "CYP"]
[SourceTitle "CBM 194 Extra"]
[Source "ChessBase"]
[SourceDate "2020.03.31"]
[SourceVersion "1"]
[SourceVersionDate "2020.03.31"]
[SourceQuality "1"]

1. c3 e5 2. h3 d5 3. d4 exd4 4. cxd4 c6 5. Nf3 Bf5 6. Nc3 Bd6 7. Bd2 Nf6 8. e3 Nbd7 9. Be2 h6 10. 0-0 0-0 11. Re1 Ne4 12. Rc1 Ndf6 13. Bd3 Nxc3 14. Bxc3 Bxd3 15. Qxd3 Ne4 16. Nd2 Re8 17. Nxe4 dxe4 18. Qd1 Re6 19. Qg4 Rg6 20. Qxe4 Qd7 21. Kf1 Re8 22. Qf3 Ree6 23. d5 cxd5 24. Rcd1 Qb5+ 25. Qe2 Qc6 26. Qf3 Qb5+ 27. Qe2 1/2-1/2